Za týždeň roboty - päť poslaneckých platov

Bibliographic Details
Main Author: Zelenayová, Eva, 1945- (Author)
Format: Article
Language:Slovak
Subjects:

MARC

LEADER 00000nab a2200000 a 4500
001 vtls000524937
003 SK-MaSNL
005 20260304015818.0
008 120928c1994 xo 0 slo
015 |a SNBRB19rr/mm-uuuuu 
035 |a CL0525075 
040 |a SNKBUCL  |b slo  |c SNKBUCL  |e AACR2 
041 0 |a slo 
044 |a xo  |c SK 
080 |a 328.1(437.6):324(437.6)  |2 1981 
100 1 |a Zelenayová, Eva,  |d 1945-  |4 aut  |9 103764 
245 1 0 |a Za týždeň roboty - päť poslaneckých platov  |c Eva Zelenayová 
610 1 7 |a Slovensko.  |b Národná rada  |2 snkbucl  |9 165573 
655 7 |a články z novín a časopisov  |2 snkbucl  |9 267496 
773 0 |t Slovenská republika  |g Roč. 1, č. 86 (20. 8. 1994), s. 3 
850 |a Slovenská národná knižnica v Martine  |a MTA001 
852 |a SNK  |b KIS3GCP 
958 |a RK 
992 |a RBX 
999 |c 2594521  |d 2596451